Statistics for Is that it's capital?

Click here to take the quiz!

General Stats

  • This quiz has been taken 48 times
    (47 since last reset)
  • The average score is 9 of 16

Answer Stats

CapitalCountryAnswer% Correct
BeijingJapanNo
100%
TegucigalpaHondurasYes
97%
SantiagoChileYes
97%
AsmaraEthiopiaNo
91%
MogadishuSomaliaYes
86%
RiyadhOmanNo
74%
BernSwedenNo
60%
WindhoekNamibiaYes
57%
TehranIraqNo
49%
DublinIrelandYes
40%
CairoEgyptYes
34%
Kuala LumperBruneiNo
29%
AthensGreeceYes
29%
ReykjavikNorwayNo
23%
KingstonCubaNo
20%
ParamariboSurinameYes
17%

Score Distribution

Percentile by Number Answered

Percent of People with Each Score

Your Score History

You have not taken this quiz since the last reset